[Event "28th 4NCL Congress"]
[Site "Leamington Spa"]
[Date "2022.07.10"]
[Round "5"]
[Board "12"]
[White "Pink, Joshua"]
[Black "Kolani, Arjun"]
[Result "0-1"]
[WhiteElo "2066"]
[BlackElo "2163"]
[PlyCount "86"]
[EventDate "2022.07.08"]
[EventRounds "5"]
[EventCountry "ENG"]

1. e4 e5 2. Nf3 Nc6 3. Bc4 Bc5 4. c3 Nf6 5. d4 exd4 6. cxd4 Bb4+ 7. Nc3 Nxe4 8.
O-O Bxc3 9. d5 Bf6 10. Re1 Ne7 11. Rxe4 d6 12. Bg5 Bxg5 13. Nxg5 h6 14. Qe2
hxg5 15. Re1 Be6 16. dxe6 f6 17. Re3 c6 18. Rh3 Rxh3 19. gxh3 g6 20. Qd2 Kf8
21. h4 gxh4 22. Qh6+ Kg8 23. Kh1 Qa5 24. Rg1 Qf5 25. Qxh4 Kg7 26. Bf1 Qxe6 27.
Qb4 b5 28. Qc3 Qe5 29. Qxe5 fxe5 30. Bg2 Rf8 31. Rd1 d5 32. Kg1 Rf4 33. a3 Rc4
34. Rd2 Nf5 35. Kf1 Nd4 36. Bh3 Nf3 37. Re2 Rc1+ 38. Kg2 e4 39. Kg3 Rg1+ 40.
Kf4 g5+ 41. Ke3 Rd1 42. Rc2 Rd3+ 43. Ke2 Nd4+  0-1

[Event "28th 4NCL Congress"]
[Site "Leamington Spa"]
[Date "2022.07.10"]
[Round "5"]
[Board "13"]
[White "Stubbs, Oliver"]
[Black "Shearsby, Jude"]
[Result "1-0"]
[WhiteElo "2134"]
[BlackElo "2071"]
[PlyCount "205"]
[EventDate "2022.07.08"]
[EventRounds "5"]
[EventCountry "ENG"]

1. d4 Nf6 2. Nf3 g6 3. Bf4 Bg7 4. e3 d6 5. h3 O-O 6. Be2 b6 7. O-O Bb7 8. a4 a5
9. Nc3 Nbd7 10. Bh2 Re8 11. Re1 e5 12. dxe5 Nxe5 13. Nd4 Qe7 14. Bb5 Ned7 15.
Bc6 Bxc6 16. Nxc6 Qe6 17. Nd4 Qe7 18. Qe2 Nc5 19. Qb5 Nce4 20. Nxe4 Qxe4 21. c3
Qd5 22. Red1 Qxb5 23. Nxb5 Re7 24. Rd4 Ne8 25. Rd3 Nf6 26. f3 Rc8 27. Ra2 Nd7
28. b4 Nb8 29. bxa5 bxa5 30. Nd4 Rce8 31. e4 Be5 32. Rb2 Bxh2+ 33. Kxh2 Re5 34.
Rb5 Nd7 35. c4 Nb6 36. Nc6 Rxb5 37. cxb5 Nxa4 38. Ra3 Nc5 39. Rxa5 Kg7 40. Ra7
Ne6 41. Rb7 Ra8 42. Nb4 Ra5 43. Nd5 h5 44. h4 Kf8 45. Kg3 Ke8 46. b6 cxb6 47.
Rxb6 Kd7 48. Rb7+ Ke8 49. Re7+ Kf8 50. Rd7 Ra6 51. Nf6 Nc5 52. Rc7 Kg7 53. Ne8+
Kf8 54. Nxd6 Rxd6 55. Rxc5 Ke7 56. Kf4 Rd1 57. Ra5 Rh1 58. g3 Kf6 59. Ra6+ Kg7
60. e5 Rf1 61. e6 fxe6 62. Rxe6 Kf7 63. Ra6 Rf2 64. Ra5 Rf1 65. Rg5 Kf6 66. Ke3
Ra1 67. Rd5 Rg1 68. Kf4 Ra1 69. Rd6+ Kg7 70. Rd4 Kf6 71. Rb4 Ra3 72. Rb6+ Kg7
73. Re6 Kf7 74. Re3 Ra4+ 75. Kg5 Ra5+ 76. Kh6 Kf6 77. Re4 Ra6 78. Rf4+ Ke5 79.
Kg5 Rb6 80. Re4+ Kd5 81. Re8 Kd4 82. Rg8 Ke3 83. Rf8 Kf2 84. g4 Kg3 85. gxh5
gxh5 86. f4 Rb5+ 87. f5 Rb4 88. Kxh5 Rxh4+ 89. Kg6 Kf4 90. Kf6 Rh6+ 91. Kg7 Kg5
92. Rf7 Rh1 93. Rf8 Rh6 94. Rf7 Rh1 95. f6 Kf5 96. Ra7 Ke6 97. Re7+ Kd6 98. Re2
Rg1+ 99. Kf8 Rf1 100. f7 Ra1 101. Re4 Kd5 102. Rg4 Ke6 103. Kg8  1-0

[Event "28th 4NCL Congress"]
[Site "Leamington Spa"]
[Date "2022.07.10"]
[Round "5"]
[Board "14"]
[White "Chan, Sheng Liang Bernard"]
[Black "Martin, Lewis"]
[Result "1-0"]
[WhiteElo "2037"]
[BlackElo "2273"]
[PlyCount "49"]
[EventDate "2022.07.08"]
[EventRounds "5"]
[EventCountry "ENG"]

1. d4 d5 2. c4 c6 3. Nf3 Nf6 4. e3 e6 5. b3 Nbd7 6. Bd3 Bd6 7. Bb2 O-O 8. O-O
Ne4 9. Nbd2 f5 10. Ne5 Nxe5 11. dxe5 Bc7 12. f4 Nxd2 13. Qxd2 dxc4 14. bxc4 b6
15. Rad1 Ba6 16. Qc2 Qc8 17. e4 g6 18. exf5 gxf5 19. Rf3 Rf7 20. Rg3+ Rg7 21.
Rxg7+ Kxg7 22. Bxf5 exf5 23. e6+ Kg6 24. Rd7 Qf8 25. Qf2  1-0

[Event "28th 4NCL Congress"]
[Site "Leamington Spa"]
[Date "2022.07.10"]
[Round "5"]
[Board "15"]
[White "Dignam, Matthew P"]
[Black "Varley, Joe"]
[Result "1-0"]
[WhiteElo "2289"]
[BlackElo "2047"]
[PlyCount "59"]
[EventDate "2022.07.08"]
[EventRounds "5"]
[EventCountry "ENG"]

1. e4 e5 2. Nf3 Nc6 3. Bb5 a6 4. Ba4 Nf6 5. d3 b5 6. Bb3 Be7 7. O-O d6 8. c3
Na5 9. Bc2 c5 10. a4 Bg4 11. h3 Bh5 12. g4 Bg6 13. Nh4 Nd7 14. Nf5 Bxf5 15.
exf5 Nc6 16. Qf3 Rc8 17. axb5 axb5 18. Na3 Na7 19. Nc4 bxc4 20. Rxa7 cxd3 21.
Qxd3 c4 22. Qd5 h5 23. g5 Rc7 24. Rxc7 Qxc7 25. Be3 Bd8 26. Rd1 Ke7 27. g6 fxg6
28. Qe6+ Kf8 29. Rxd6 Nb8 30. Rxd8+  1-0

[Event "28th 4NCL Congress"]
[Site "Leamington Spa"]
[Date "2022.07.10"]
[Round "5"]
[Board "16"]
[White "Schwartz, Julius"]
[Black "Hill, Andy"]
[Result "1/2-1/2"]
[WhiteElo "2285"]
[BlackElo "2008"]
[PlyCount "108"]
[EventDate "2022.07.08"]
[EventRounds "5"]
[EventCountry "ENG"]

1. d4 Nf6 2. c4 g6 3. Nc3 Bg7 4. e4 d6 5. Be2 O-O 6. Nf3 Nbd7 7. O-O e5 8. Be3
Qe7 9. Qc2 c6 10. Rfe1 Re8 11. Bf1 Nh5 12. Rad1 Ndf6 13. h3 Kh8 14. c5 dxc5 15.
dxe5 Nd7 16. Bg5 f6 17. exf6 Bxf6 18. Bxf6+ Qxf6 19. e5 Nxe5 20. Nxe5 Rxe5 21.
Ne4 Qe7 22. Qc3 Ng7 23. Ng5 Rxe1 24. Rxe1 Qf8 25. Rd1 Bf5 26. Bd3 h6 27. Bxf5
Qxf5 28. Nf3 Rf8 29. Re1 b6 30. Qd2 Kh7 31. a3 Qf6 32. Re4 Nf5 33. Ne5 Rd8 34.
Qf4 Rd1+ 35. Kh2 Qd6 36. g3 Rd4 37. Rxd4 cxd4 38. Qe4 c5 39. h4 h5 40. Nf7 Qe7
41. Ng5+ Kg7 42. Qd5 b5 43. Ne6+ Kf6 44. Nxc5 Qe2 45. Ne4+ Ke7 46. Qe5+ Kd8 47.
Qb8+ Ke7 48. Qxa7+ Kd8 49. Qb6+ Ke7 50. Qf6+ Kd7 51. Qf7+ Kd8 52. Qd5+ Kc7 53.
Qe5+ Kd8 54. Qd5+ Ke7  1/2-1/2

[Event "28th 4NCL Congress"]
[Site "Leamington Spa"]
[Date "2022.07.10"]
[Round "5"]
[Board "17"]
[White "Zhang, Anthony Y"]
[Black "Gardiner, Eric D"]
[Result "1-0"]
[WhiteElo "2237"]
[BlackElo "2001"]
[PlyCount "117"]
[EventDate "2022.07.08"]
[EventRounds "5"]
[EventCountry "ENG"]

1. Nf3 d5 2. d4 Nf6 3. c4 dxc4 4. e3 e6 5. Bxc4 a6 6. O-O c5 7. dxc5 Bxc5 8.
Qxd8+ Kxd8 9. Ne5 Ke7 10. Be2 Rd8 11. Nc3 Nbd7 12. Nd3 Bd6 13. e4 Ne5 14. Ne1
Bd7 15. f4 Bc5+ 16. Kh1 Nc6 17. e5 Ne8 18. Nd3 Ba7 19. b3 f5 20. Ba3+ Kf7 21.
Nc5 b5 22. Nd3 Nd4 23. Bc5 Bc6 24. Bxa7 Nxe2 25. Nxe2 Rxd3 26. Bb6 Rd2 27. Rf2
Rc8 28. Kg1 Be4 29. Ba5 Rdc2 30. Nd4 Rxf2 31. Kxf2 Ke7 32. g3 Kd7 33. Rd1 Bd5
34. h3 g6 35. g4 Ng7 36. Kg3 h5 37. Ne2 hxg4 38. Nc3 Nh5+ 39. Kh4 Nxf4 40. hxg4
fxg4 41. Kxg4 Rf8 42. Ne4 Rf5 43. Nf6+ Ke7 44. Bc7 Ng2 45. Bd6+ Kf7 46. Rc1
Rf4+ 47. Kg3 Rf3+ 48. Kh2 g5 49. Nxd5 exd5 50. Kxg2 Rd3 51. Rf1+ Ke6 52. Rf6+
Kd7 53. Bb4 Rd4 54. Rd6+ Kc7 55. Ba5+ Kb7 56. Rd7+ Kc8 57. Rc7+ Kb8 58. e6 Re4
59. e7  1-0

[Event "28th 4NCL Congress"]
[Site "Leamington Spa"]
[Date "2022.07.10"]
[Round "5"]
[Board "18"]
[White "Chauhan, Pranay"]
[Black "Walker, Martin G"]
[Result "0-1"]
[WhiteElo "2047"]
[BlackElo "2232"]
[PlyCount "112"]
[EventDate "2022.07.08"]
[EventRounds "5"]
[EventCountry "ENG"]

1. Nf3 c5 2. g3 d5 3. Bg2 Nc6 4. d4 e6 5. O-O cxd4 6. Nxd4 Qb6 7. Nb3 Nf6 8.
N1d2 Be7 9. c4 O-O 10. cxd5 Nxd5 11. e4 Ndb4 12. Qe2 Rd8 13. Nc4 Qa6 14. a3 Qa4
15. axb4 Qxb3 16. Nb6 Rb8 17. Nxc8 Rbxc8 18. Be3 Bxb4 19. Bxa7 Rd2 20. Qb5 Rxb2
21. Qxb7 Nxa7 22. Rxa7 Rf8 23. Ra8 Qc2 24. e5 Rxa8 25. Qxa8+ Bf8 26. Be4 Qc5
27. Kg2 h5 28. Qd8 Qxe5 29. Bh7+ Kxh7 30. Qxf8 Qf5 31. h4 Rc2 32. Kg1 e5 33.
Qd6 Re2 34. Qd5 g6 35. Qb5 Qf3 36. Qc5 Qe4 37. Qa7 Kg7 38. Qa5 Qd4 39. Qa6 Rd2
40. Qa5 e4 41. Qa1 Rb2 42. Qc1 Rd2 43. Qa1 g5 44. Qa5 Qd5 45. Qc3+ Kh7 46. hxg5
Qxg5 47. Qc4 Qf5 48. Qc3 Rd3 49. Qc7 h4 50. Qe7 hxg3 51. Qh4+ Kg6 52. fxg3 Rf3
53. Rc1 e3 54. g4 Qd5 55. Qh8 Rg3+ 56. Kf1 Qf3+  0-1

[Event "28th 4NCL Congress"]
[Site "Leamington Spa"]
[Date "2022.07.10"]
[Round "5"]
[Board "19"]
[White "Miller, George I"]
[Black "Burrows, Martin P"]
[Result "1/2-1/2"]
[WhiteElo "1847"]
[BlackElo "2179"]
[PlyCount "74"]
[EventDate "2022.07.08"]
[EventRounds "5"]
[EventCountry "ENG"]

1. c4 Nf6 2. Nc3 g6 3. g3 Bg7 4. Bg2 O-O 5. e4 d6 6. Nge2 c5 7. O-O Nc6 8. h3
a6 9. d3 Rb8 10. f4 Bd7 11. a4 Ne8 12. Be3 Nd4 13. Rb1 Nc7 14. b4 b5 15. axb5
axb5 16. bxc5 dxc5 17. Nxb5 Ncxb5 18. cxb5 Bxb5 19. Nxd4 Bxd4 20. Qd2 Qd7 21.
Rfd1 Rfd8 22. Bf1 Ra8 23. Qf2 Ra3 24. Bxd4 cxd4 25. f5 Rc3 26. f6 exf6 27. Qxf6
Ba4 28. Rd2 Rc6 29. Qf4 Bc2 30. Rb2 Rdc8 31. Bg2 Rc3 32. Bf1 Bb3 33. Rf2 Be6
34. h4 h5 35. Rb8 Rxb8 36. Qxb8+ Rc8 37. Qf4 Qa7  1/2-1/2

[Event "28th 4NCL Congress"]
[Site "Leamington Spa"]
[Date "2022.07.10"]
[Round "5"]
[Board "20"]
[White "Ther, Mate"]
[Black "Larkin, Benjamin"]
[Result "1/2-1/2"]
[WhiteElo "2153"]
[BlackElo "1986"]
[PlyCount "87"]
[EventDate "2022.07.08"]
[EventRounds "5"]
[EventCountry "ENG"]

1. e4 c6 2. d4 d5 3. Nc3 dxe4 4. Nxe4 Nf6 5. Nxf6+ exf6 6. c3 Bd6 7. Bd3 O-O 8.
Qc2 Re8+ 9. Ne2 h5 10. Be3 Nd7 11. O-O-O b5 12. Kb1 Nb6 13. Ng3 Nd5 14. Bc1 Be6
15. Ne4 a5 16. h3 a4 17. Bd2 Nf4 18. Nxd6 Qxd6 19. Bxf4 Qxf4 20. Rhe1 f5 21.
Re5 g6 22. Rde1 Bd7 23. g3 Qf3 24. Rxe8+ Rxe8 25. Rxe8+ Bxe8 26. Qe2 Qh1+ 27.
Qf1 Qd5 28. f3 Bd7 29. Bc2 Be6 30. b3 Qd6 31. Qe1 Qa3 32. Qc1 Qd6 33. bxa4 Qxg3
34. axb5 Qxf3 35. b6 Qd5 36. Bb3 Qb5 37. Qb2 Bc8 38. a4 Qa6 39. Bd1 f4 40. Be2
Qa8 41. Bf3 Qa6 42. Be2 Qa8 43. Bf3 Qa6 44. Be2  1/2-1/2

[Event "28th 4NCL Congress"]
[Site "Leamington Spa"]
[Date "2022.07.10"]
[Round "5"]
[Board "21"]
[White "Verma, Shlok"]
[Black "Seymour, Timothy P"]
[Result "1/2-1/2"]
[WhiteElo "2012"]
[BlackElo "2125"]
[PlyCount "43"]
[EventDate "2022.07.08"]
[EventRounds "5"]
[EventCountry "ENG"]

1. d4 d5 2. c4 e6 3. Nf3 Nf6 4. Nc3 a6 5. cxd5 exd5 6. Bg5 Be6 7. e3 Nbd7 8.
Bd3 Bd6 9. O-O O-O 10. h3 c6 11. Ne2 Re8 12. Bf4 Qc7 13. Qc2 g6 14. Bxd6 Qxd6
15. Ng3 Kg7 16. Rad1 Rad8 17. Qc3 Qc7 18. b4 Nb6 19. Ne5 Nfd7 20. Nf3 Nf6 21.
Ne5 Nfd7 22. Nf3  1/2-1/2

[Event "28th 4NCL Congress"]
[Site "Leamington Spa"]
[Date "2022.07.10"]
[Round "5"]
[Board "22"]
[White "James, Russell A"]
[Black "Gopakumar, Siddharth"]
[Result "1/2-1/2"]
[WhiteElo "2148"]
[BlackElo "1979"]
[PlyCount "101"]
[EventDate "2022.07.08"]
[EventRounds "5"]
[EventCountry "ENG"]

1. e4 c5 2. Nf3 a6 3. d4 cxd4 4. Nxd4 Nf6 5. Nc3 e5 6. Nb3 Bb4 7. Bd3 O-O 8.
O-O Bxc3 9. bxc3 d6 10. a4 Be6 11. c4 Qc7 12. Qe2 Rc8 13. f4 Nbd7 14. Nd2 exf4
15. Rxf4 Ne5 16. Nf1 Nxc4 17. Ng3 Ne5 18. Rxf6 gxf6 19. Bd2 Bg4 20. Qf2 f5 21.
exf5 Qc5 22. Be3 Nxd3 23. cxd3 Qc3 24. Bd4 Qxd3 25. Qf4 h5 26. Qg5+ Kf8 27.
Qg7+ Ke7 28. Re1+ Kd8 29. Qf8+ Kc7 30. Qe7+ Kc6 31. Bf2 Bd1 32. Qxf7 Rf8 33.
Qa2 Rae8 34. Rf1 h4 35. Nh1 Rxf5 36. Qb2 b5 37. axb5+ axb5 38. Qa1 Ba4 39. Rc1+
Kd7 40. Qg7+ Re7 41. Qg8 Rc5 42. Bxc5 dxc5 43. Nf2 Qd2 44. Qg4+ Re6 45. Rf1 Qd4
46. Qf3 c4 47. Qb7+ Kd8 48. Qb8+ Kd7 49. Qb7+ Kd8 50. Qb8+ Kd7 51. Qb7+  1/2-1/2

[Event "28th 4NCL Congress"]
[Site "Leamington Spa"]
[Date "2022.07.10"]
[Round "5"]
[Board "23"]
[White "Ortiz Sanchez, Luis"]
[Black "Jackson, Oliver A"]
[Result "1-0"]
[WhiteElo "2008"]
[BlackElo "2197"]
[PlyCount "97"]
[EventDate "2022.07.08"]
[EventRounds "5"]
[EventCountry "ENG"]

1. e4 c5 2. c3 d6 3. d4 Nf6 4. dxc5 Nc6 5. Bc4 e6 6. Bg5 Be7 7. cxd6 Bxd6 8.
Qe2 h6 9. Bh4 g5 10. Bg3 e5 11. Nd2 Qe7 12. Ngf3 Bd7 13. O-O-O a6 14. Nf1 b5
15. Bd5 Rc8 16. Kb1 b4 17. c4 b3 18. axb3 Nb4 19. Ne3 O-O 20. h4 g4 21. Ne1 h5
22. f3 Qd8 23. N1c2 Qa5 24. Nxb4 Qxb4 25. Qd3 Rb8 26. Nc2 Qxb3 27. Qxb3 Rxb3
28. Bxf7+ Kxf7 29. Rxd6 Rfb8 30. Bxe5 Be6 31. Rxe6 Kxe6 32. Bxb8 Rxb8 33. Nd4+
Kf7 34. e5 Rd8 35. e6+ Kg6 36. Rd1 Ne8 37. Kc2 Kf6 38. fxg4 hxg4 39. Rf1+ Kg6
40. Kc3 Ng7 41. c5 Re8 42. Rf4 Kh5 43. g3 Nxe6 44. Re4 Nc7 45. Rxe8 Nxe8 46. c6
Kg6 47. Kc4 Kf6 48. Kd5 Ke7 49. Ke5  1-0

[Event "28th 4NCL Congress"]
[Site "Leamington Spa"]
[Date "2022.07.10"]
[Round "5"]
[Board "24"]
[White "Cave, Iwan"]
[Black "Mulay, Partha"]
[Result "1-0"]
[WhiteElo "1994"]
[BlackElo "2139"]
[PlyCount "75"]
[EventDate "2022.07.08"]
[EventRounds "5"]
[EventCountry "ENG"]

1. e4 c5 2. Nf3 Nc6 3. d4 cxd4 4. Nxd4 e5 5. Nb5 d6 6. N1c3 a6 7. Na3 Be7 8.
Nc4 b5 9. Ne3 Nf6 10. Bd3 O-O 11. O-O b4 12. Ne2 g6 13. c4 bxc3 14. Nxc3 Be6
15. Ned5 Bxd5 16. exd5 Nb8 17. Re1 Nbd7 18. Qe2 Qa5 19. a3 Nxd5 20. Nxd5 Qxd5
21. Be4 Qb3 22. Bh6 d5 23. Bxf8 Bxf8 24. Bd3 e4 25. Bb1 Nc5 26. Ba2 Qb7 27. Qe3
Nd3 28. Re2 Bc5 29. Qg5 f5 30. Qf6 Qd7 31. b4 Ba7 32. Rd1 Rc8 33. Bb3 Rc6 34.
Qa1 Bb8 35. g3 Be5 36. Qb1 Bf6 37. Ba4 Nc1 38. Rc2  1-0

[Event "28th 4NCL Congress"]
[Site "Leamington Spa"]
[Date "2022.07.10"]
[Round "5"]
[Board "25"]
[White "Ireland, David J"]
[Black "Murawski, Jan"]
[Result "1-0"]
[WhiteElo "2106"]
[BlackElo "1963"]
[PlyCount "87"]
[EventDate "2022.07.08"]
[EventRounds "5"]
[EventCountry "ENG"]

1. c4 c5 2. Nc3 Nc6 3. g3 g6 4. Bg2 Bg7 5. d3 e6 6. e4 Nge7 7. Nge2 O-O 8. O-O
b6 9. Be3 Bb7 10. Qd2 Nd4 11. Bh6 d5 12. Bxg7 Kxg7 13. exd5 Nxe2+ 14. Qxe2 exd5
15. cxd5 Nf5 16. Rfe1 Re8 17. Qd2 Qf6 18. Nb5 Nd4 19. Nc7 Rxe1+ 20. Rxe1 Nf3+
21. Bxf3 Qxf3 22. Qe3 Qxe3 23. Rxe3 Rd8 24. Re5 Kf8 25. Kf1 Rd7 26. d6 Rxd6 27.
Ke2 Rd7 28. Nb5 Ba6 29. a4 Bxb5 30. axb5 Re7 31. d4 cxd4 32. Rxe7 Kxe7 33. Kd3
Kd6 34. Kxd4 f5 35. f3 h5 36. h3 g5 37. g4 hxg4 38. hxg4 f4 39. Ke4 Kc5 40. Kf5
Kxb5 41. Kxg5 Kb4 42. Kxf4 Kb3 43. g5 Kxb2 44. g6  1-0

[Event "28th 4NCL Congress"]
[Site "Leamington Spa"]
[Date "2022.07.10"]
[Round "5"]
[Board "26"]
[White "Gibson, Christopher A"]
[Black "Weersing, Abigail R"]
[Result "0-1"]
[WhiteElo "1947"]
[BlackElo "2041"]
[PlyCount "54"]
[EventDate "2022.07.08"]
[EventRounds "5"]
[EventCountry "ENG"]

1. e4 e6 2. d4 d5 3. e5 c5 4. c3 Nc6 5. Nf3 Qb6 6. a3 cxd4 7. cxd4 Nge7 8. b4
Nf5 9. Bb2 a5 10. b5 Be7 11. Bc3 Na7 12. Qb3 a4 13. Qb2 Bd7 14. Nbd2 Nxb5 15.
Rb1 Rc8 16. Qa1 Qa6 17. Bb4 O-O 18. Bxe7 Nxe7 19. Bd3 Qa5 20. O-O Rc7 21. Qb2
Nc3 22. Rbc1 Rfc8 23. Nb1 Bb5 24. Rxc3 Rxc3 25. Bxb5 Rb3 26. Qd2 Qxd2 27. Nbxd2
Rxb5  0-1

[Event "28th 4NCL Congress"]
[Site "Leamington Spa"]
[Date "2022.07.10"]
[Round "5"]
[Board "27"]
[White "Bill, Vincenz"]
[Black "Pal, Rohan"]
[Result "1/2-1/2"]
[WhiteElo "1940"]
[BlackElo "2022"]
[PlyCount "67"]
[EventDate "2022.07.08"]
[EventRounds "5"]
[EventCountry "ENG"]

1. d4 d5 2. c4 e6 3. Nf3 Nf6 4. g3 Be7 5. Bg2 O-O 6. O-O c6 7. Nc3 b6 8. Re1
Bb7 9. Ne5 Qc8 10. Bg5 h6 11. Bxf6 Bxf6 12. cxd5 cxd5 13. Rc1 Bxe5 14. dxe5 Qd7
15. f4 Nc6 16. Ne4 Ba6 17. a4 Kh8 18. e3 Nb4 19. Bf1 Bxf1 20. Rxf1 Rfd8 21. Nd6
f6 22. Qd4 fxe5 23. fxe5 Nc6 24. Qc3 Nxe5 25. Qxe5 Qxd6 26. Qxd6 Rxd6 27. Rc7
a5 28. Rff7 Rg8 29. Kf2 d4 30. e4 d3 31. Rcd7 Rd8 32. Rde7 d2 33. Rxg7 d1=Q 34.
Rh7+  1/2-1/2

[Event "28th 4NCL Congress"]
[Site "Leamington Spa"]
[Date "2022.07.10"]
[Round "5"]
[Board "28"]
[White "Wedge, David C"]
[Black "Cast, Julian"]
[Result "0-1"]
[WhiteElo "1927"]
[BlackElo "2021"]
[PlyCount "120"]
[EventDate "2022.07.08"]
[EventRounds "5"]
[EventCountry "ENG"]

1. e4 d6 2. Nc3 Nf6 3. g3 c6 4. Bg2 e5 5. d3 Be7 6. Nf3 Nbd7 7. O-O Qc7 8. Re1
Nf8 9. h3 h5 10. d4 Ng6 11. Bg5 Bd7 12. d5 Qc8 13. dxc6 bxc6 14. Bxf6 gxf6 15.
h4 Rg8 16. Kh2 Qa6 17. a3 Qc4 18. Qe2 Qxe2 19. Rxe2 Rb8 20. b4 Bg4 21. Re3 f5
22. exf5 Bxf5 23. Re2 Bg4 24. Rd2 f6 25. Ng1 Kd7 26. Nce2 Be6 27. Bh3 Nf8 28.
Bxe6+ Nxe6 29. c4 Rg4 30. Rc1 Bf8 31. f3 Rg6 32. Rcd1 Kc7 33. Nh3 Rd8 34. f4
Rg4 35. Nf2 Rg8 36. Ne4 Be7 37. fxe5 fxe5 38. b5 Rg4 39. N2c3 Nd4 40. Rf2 Rg7
41. bxc6 Kxc6 42. Nd5 Rb8 43. Nxe7+ Rxe7 44. Rf6 Rb2+ 45. Kh1 Rd7 46. c5 Kd5
47. Nc3+ Kc6 48. Na4 Rc2 49. Rb1 e4 50. Rb4 Nf3 51. Rb2 Rc4 52. Rb4 Rc2 53. Rb2
Rxb2 54. Nxb2 Kxc5 55. Rf5+ Kd4 56. Rxh5 Rc7 57. Kg2 Rc2+ 58. Kf1 Rxb2 59. Ra5
Ke3 60. h5 Rf2#  0-1

[Event "28th 4NCL Congress"]
[Site "Leamington Spa"]
[Date "2022.07.10"]
[Round "5"]
[Board "29"]
[White "Sullivan, Daniel JS"]
[Black "Subramanian, Anusha"]
[Result "0-1"]
[WhiteElo "2012"]
[BlackElo "1705"]
[PlyCount "62"]
[EventDate "2022.07.08"]
[EventRounds "5"]
[EventCountry "ENG"]

1. d4 d5 2. c4 c6 3. Nf3 Nf6 4. Nc3 dxc4 5. a4 Bf5 6. Ne5 e6 7. f3 Bb4 8. e4
Bg6 9. Bxc4 Nbd7 10. Nxd7 Nxd7 11. Be3 Qe7 12. O-O Nb6 13. Be2 O-O 14. Qb3 c5
15. a5 cxd4 16. Bxd4 Nd7 17. Rfd1 b6 18. axb6 Nxb6 19. Bf2 Bc5 20. Qb5 Bxf2+
21. Kxf2 Rfb8 22. Rd2 Nd5 23. Qd3 Nf4 24. Qd4 Qh4+ 25. Kg1 Rd8 26. Qe3 Qg5 27.
Kf1 Rxd2 28. Qxd2 Rd8 29. Qc2 Qxg2+ 30. Ke1 Qg1+ 31. Bf1 Nd3+  0-1

[Event "28th 4NCL Congress"]
[Site "Leamington Spa"]
[Date "2022.07.10"]
[Round "5"]
[Board "31"]
[White "Shenbagakumar, Gautham"]
[Black "Vleeshhouwer, Douglas"]
[Result "1-0"]
[WhiteElo "1934"]
[BlackElo "2062"]
[PlyCount "107"]
[EventDate "2022.07.08"]
[EventRounds "5"]
[EventCountry "ENG"]

1. e4 d6 2. d4 Nf6 3. Nc3 Nbd7 4. Nf3 e5 5. Bc4 Be7 6. O-O O-O 7. a4 a5 8. h3
c6 9. Be3 Nb6 10. Ba2 Nfd7 11. dxe5 dxe5 12. Qe2 Qc7 13. Ng5 Bxg5 14. Bxg5 Nc5
15. Be3 Ncxa4 16. Nxa4 Nxa4 17. c3 b5 18. f4 Be6 19. f5 Bxa2 20. Rxa2 f6 21. c4
Nb6 22. cxb5 cxb5 23. Qxb5 Qc4 24. Rxa5 Rxa5 25. Qxa5 Na4 26. Qd5+ Qxd5 27.
exd5 Nxb2 28. d6 Rd8 29. Bc5 Nc4 30. Rd1 Rd7 31. Rc1 Nxd6 32. Rd1 Rc7 33. Bxd6
Rd7 34. Rd2 Kf7 35. Bb4 Rb7 36. Bc5 h5 37. g4 hxg4 38. hxg4 Rb1+ 39. Kg2 Rc1
40. Be3 Rc4 41. Kf3 Rc3 42. Rd7+ Kg8 43. Rd5 Kf7 44. Rc5 Rb3 45. Rc7+ Kg8 46.
Rc4 Rb1 47. g5 Rf1+ 48. Ke4 Rd1 49. Rc8+ Kf7 50. g6+ Ke7 51. Rc7+ Kd6 52. Rxg7
Ra1 53. Rf7 Ra4+ 54. Kf3  1-0

[Event "28th 4NCL Congress"]
[Site "Leamington Spa"]
[Date "2022.07.10"]
[Round "5"]
[Board "32"]
[White "Hertog, Alexander"]
[Black "Phan, Stefanus"]
[Result "0-1"]
[WhiteElo "1801"]
[BlackElo "2049"]
[PlyCount "76"]
[EventDate "2022.07.08"]
[EventRounds "5"]
[EventCountry "ENG"]

1. Nf3 Nf6 2. e3 d5 3. b3 Bg4 4. Be2 e6 5. Bb2 c5 6. O-O Nc6 7. d4 Be7 8. h3
Bh5 9. Ne5 Bxe2 10. Qxe2 cxd4 11. exd4 O-O 12. Nd2 Rc8 13. c3 Nxe5 14. dxe5 Nd7
15. c4 Nb6 16. cxd5 Rc2 17. d6 Rxb2 18. dxe7 Qxe7 19. Qe3 Rc8 20. Rfb1 Qa3 21.
Rd1 Rxa2 22. Rxa2 Qxa2 23. Nf3 Nd5 24. Qe4 Qc2 25. Rd3 h6 26. Qd4 Nf4 27. Re3
Ne2+ 28. Rxe2 Qxe2 29. Qd7 Rc1+ 30. Kh2 Qxf2 31. Qe8+ Kh7 32. Qxf7 Rc2 33. Ng5+
hxg5 34. Qh5+ Kg8 35. Qe8+ Qf8 36. Qxe6+ Kh8 37. Qg4 Qf4+ 38. Qxf4 gxf4  0-1

[Event "28th 4NCL Congress"]
[Site "Leamington Spa"]
[Date "2022.07.10"]
[Round "5"]
[Board "33"]
[White "Basson, Heinrich"]
[Black "Bramson, Mike"]
[Result "1/2-1/2"]
[WhiteElo "1983"]
[BlackElo "1976"]
[PlyCount "53"]
[EventDate "2022.07.08"]
[EventRounds "5"]
[EventCountry "ENG"]

1. d4 d5 2. Nf3 Nf6 3. Bf4 c5 4. c3 e6 5. e3 Nc6 6. Nbd2 Be7 7. h3 Bd7 8. Bd3
Qb6 9. Rb1 Rc8 10. O-O O-O 11. Qe2 Qd8 12. a3 c4 13. Bc2 b5 14. e4 dxe4 15.
Nxe4 Nxe4 16. Qxe4 f5 17. Qe2 Bf6 18. Rbd1 Ne7 19. Bd6 Re8 20. Bxe7 Rxe7 21.
Ne5 Bc6 22. Nxc6 Rxc6 23. Rfe1 Rd6 24. Qf3 Red7 25. Ra1 g6 26. a4 b4 27. Bd1
 1/2-1/2

[Event "28th 4NCL Congress"]
[Site "Leamington Spa"]
[Date "2022.07.10"]
[Round "5"]
[Board "34"]
[White "Sandhu, Manvith"]
[Black "Vijayakumar, Rishi"]
[Result "1/2-1/2"]
[WhiteElo "1952"]
[BlackElo "1867"]
[PlyCount "33"]
[EventDate "2022.07.08"]
[EventRounds "5"]
[EventCountry "ENG"]

1. e4 c6 2. d4 d5 3. e5 c5 4. dxc5 e6 5. Be3 Qc7 6. Nf3 Bxc5 7. Bxc5 Qxc5 8. c3
Nc6 9. Nbd2 Nge7 10. Nb3 Qb6 11. Bd3 Ng6 12. Bxg6 hxg6 13. Qe2 Bd7 14. Nfd4 f6
15. exf6 gxf6 16. Nxc6 bxc6 17. O-O-O  1/2-1/2

[Event "28th 4NCL Congress"]
[Site "Leamington Spa"]
[Date "2022.07.10"]
[Round "5"]
[Board "35"]
[White "Simpson, Joshua"]
[Black "Liu, Jack"]
[Result "1/2-1/2"]
[WhiteElo "2022"]
[BlackElo "1947"]
[PlyCount "71"]
[EventDate "2022.07.08"]
[EventRounds "5"]
[EventCountry "ENG"]

1. e4 c5 2. Nf3 e6 3. d4 cxd4 4. Nxd4 Nc6 5. Nc3 Nf6 6. Bg5 Be7 7. g3 h6 8. Be3
a6 9. a4 d5 10. exd5 Nxd5 11. Nxd5 Qxd5 12. Nf3 O-O 13. Bg2 Rd8 14. O-O Qa5 15.
Qe2 e5 16. h3 Be6 17. c3 Qc7 18. b4 Bf6 19. Rfd1 Ne7 20. Rac1 Bc4 21. Qe1 Rac8
22. Nd2 Nd5 23. Bc5 Bd3 24. Nb3 e4 25. Bxe4 Bxe4 26. Qxe4 Nxc3 27. Rxd8+ Rxd8
28. Qf3 Qe5 29. Be3 Qd5 30. Qxd5 Rxd5 31. Kg2 Nxa4 32. Rc8+ Kh7 33. Nc5 Nxc5
34. Bxc5 Rd7 35. Kf3 Kg6 36. Ke4  1/2-1/2

[Event "28th 4NCL Congress"]
[Site "Leamington Spa"]
[Date "2022.07.08"]
[Round "1"]
[Board "1"]
[White "Brocklehurst, Andrew"]
[Black "Holmes, Matthew A"]
[Result "1-0"]
[WhiteElo "1987"]
[BlackElo "1784"]
[PlyCount "87"]
[EventDate "2022.07.08"]
[EventRounds "5"]
[EventCountry "ENG"]

1. e4 e6 2. d4 d5 3. e5 c5 4. c3 Nc6 5. Nf3 Bd7 6. Bd3 cxd4 7. cxd4 Qb6 8. O-O
Nxd4 9. Nxd4 Qxd4 10. Nc3 a6 11. Re1 Ne7 12. Be3 Qb4 13. a3 Qxb2 14. Na4 Bxa4
15. Qxa4+ Nc6 16. Reb1 Qxe5 17. Ra2 Bd6 18. Rxb7 Qxh2+ 19. Kf1 O-O 20. Qxc6
Rac8 21. Qxa6 Bf4 22. Rc2 Qh5 23. Ke1 Rxc2 24. Bxc2 Qh1+ 25. Qf1 Qh6 26. Bxf4
Qxf4 27. Qd3 g6 28. Rb1 h5 29. g3 Qf6 30. Kf1 h4 31. Kg2 hxg3 32. fxg3 d4 33.
a4 Ra8 34. Rf1 Qe7 35. Qxd4 Rd8 36. Qe4 Rd2+ 37. Rf2 Rd5 38. Bb3 Ra5 39. Rc2
Kh7 40. Rc1 Qa3 41. Rh1+ Kg8 42. Qc2 Rc5 43. Qd2 Rc8 44. Qd4  1-0